36. okresná výstava amatérskej fotografie a diapozitívov Regionálne kultúrne stredisko Senica, 22.2.-22.3.1996

Bibliographic Details
Corporate Author: Okresná výstava amatérskej fotografie a diapozitívov Senica, Slovensko
Format: Conference Proceeding Book
Language:Slovak
PhysicalDescription:15 s. fotogr. 21 x 20 cm
Published: Senica Regionálne kultúrne stredisko 1996
ISBN:8070910054
Subjects:

MARC

LEADER 00000nam a2200000 a 4500
001 vtls001220344
003 SK-MaSNL
005 20260301194838.0
008 130606s1996 xo o g c 0000u slo
015 |a SNBE1996/0201228 
020 |a 8070910054 
035 |a SNK000165048 
040 |a SNK  |b slo  |c SNK  |e AACR2 
041 0 |a slo 
044 |a xo  |c SK 
080 |a 77.04:061.4(083.9)  |2 1981 
111 2 |a Okresná výstava amatérskej fotografie a diapozitívov  |n (36. :  |d 1996 :  |c Senica, Slovensko)  |9 108045 
245 1 0 |a 36. okresná výstava amatérskej fotografie a diapozitívov  |b Regionálne kultúrne stredisko Senica, 22.2.-22.3.1996 
246 3 |a Tridsiatašiesta okresná výstava amatérskej fotografie a diapozítivov 
260 |a Senica  |b Regionálne kultúrne stredisko  |c 1996 
300 |a 15 s.  |b fotogr.  |c 21 x 20 cm 
366 |e 150 výt. 
650 0 7 |a amatérske výtvarné umenie  |2 SNKPH  |9 74225 
650 0 7 |a amatérska fotografia  |2 SNKPH  |9 72795 
651 7 |a Senica (Slovensko : okres)  |2 SNKPH  |9 74195 
655 7 |a katalógy výstav  |2 SNKPH  |9 70445 
710 2 |a Regionálne kultúrne stredisko (Senica, Slovensko)  |4 orm  |9 33287 
919 |a 80-7091-005-4 
999 |c 883300  |d 885230 
952 |t P60, <09>, [BOOK], {629}  |a SNK  |b SNK  |y NEVYP  |7 0  |o snkC 1635  |i snk3161/960916  |0 0  |1 0  |4 0  |d 1996-09-12  |l 0  |r 2005-01-01 00:00:00  |w 2026-02-24 
952 |t P60, <03>, [BOOK], {603}  |a SNK  |b SNK  |y PREZ  |7 0  |p 17A0009449  |o snkOSC 18645  |i snkKSP 7286/96  |0 0  |1 0  |4 0  |d 1996-09-12  |l 0  |r 2005-01-01 00:00:00  |w 2026-02-24